Christians and Communists (Record no. 8392)

MARC details
000 -LEADER
fixed length control field 00614nam a2200241 a 4500
020 ## - INTERNATIONAL STANDARD BOOK NUMBER
ISBN 2825451
082 00 - DEWEY DECIMAL CLASSIFICATION NUMBER
Classification number 261.7
Author Cutter BEN
100 ## - MAIN ENTRY--AUTHOR NAME
Author name Bent, Ans J Van
245 ## - TITLE STATEMENT
Title Christians and Communists
Sub title an Ecumenical Perspective
260 ## - PUBLICATION, DISTRIBUTION, ETC. (IMPRINT)
Place of publication Geneva
Name of publisher WCC
Year of publication 1980
300 ## - PHYSICAL DESCRIPTION
Number of Pages 80p
500 ## - GENERAL NOTE
General note includes index and biblioraphy
505 2# - FORMATTED CONTENTS NOTE
Formatted contents note Roman Urdu
650 ## - SUBJECT ADDED ENTRY--TOPICAL TERM
Topical Term Christianity and Communism
942 ## - ADDED ENTRY ELEMENTS (KOHA)
Koha item type Books
700 1# -
-- Bent, Ans J Van
Holdings
Collection code Home library Current library Date acquired Cost, normal purchase price Full call number Accession Number Koha item type
  Henry Martyn Institute Library Henry Martyn Institute Library 07/10/2007 100.00 261.7 BEN 011653 Books
                   Copyright © 2026 | Henry Martyn Institute | Hyderabad | TS-500052 | INDIA | Implemented by hmi.edu.in
Hit-Count:

Powered by Koha